| 000 | 01107nam a2200301 i 4500 | ||
|---|---|---|---|
| 001 | bg | ||
| 245 | 0 | 0 |
_aLaboratorium mechaniki płynów : _bpraca zbiorowa / _cpod red. Mariana Wysockiego ; [poszczególne rozdz. oprac. Dariusz Asendrych et al.] ; Politechnika Częstochowska. Wydział Inżynieri Mechanicznej i Informatyki. Instytut Maszyn Cieplnych. |
| 250 | _aWyd. 3 popr. i uaktual. | ||
| 260 |
_aCzęstochowa : _bWydawnictwo Politechniki Częstochowskiej, _c2006. |
||
| 300 |
_a161 s. : _bil. ; _c24 cm. |
||
| 490 | 1 |
_aSkrypty Politechniki Częstochowskiej _x1234-9909 _v55 |
|
| 650 | 9 | _aMechanika płynów | |
| 655 | _aPodręczniki akademickie | ||
| 700 | 1 |
_aWysocki, Marian _c(mechanika płynów). _eRed. |
|
| 700 | 1 | _aAsendrych, Dariusz | |
| 830 |
_aSkrypty Politechniki Częstochowskiej _x1234-9909 |
||
| 015 | _aPB 8582/2007 | ||
| 020 | _a8371933118 | ||
| 020 | _a9788371933110 | ||
| 040 | _cBPK | ||
| 041 | 0 | _apol | |
| 044 | _aPOL | ||
| 080 | _a532(075.8) | ||
| 920 | _a83-7193-311-8 | ||
| 920 | _a978-83-7193-311-0 | ||
| 942 | _cKS | ||
| 008 | 070420s2006 pl a f f |000 0 pol | ||
| 999 |
_c54139 _d54139 |
||
| 856 |
_uhttp://koha.tu.koszalin.pl/cgi-bin/koha/opac-detail.pl?biblionumber=54139 _yKatalog online BPK |
||